000 00283nam a22001097a 4500
082 _a150/NEE
100 _aNeelakantan, Anand
_982813
245 _aTHE ASURA WAY The Contrarian Path to Success
260 _aMumbai
_bJaico Publishing House
_c2024
650 _aPhilosophy
942 _cBK
999 _c67535
_d67535